[Event "23rd Hoogeveen Open 2019"]
[Site "Hoogeveen"]
[Date "2019.10.21"]
[Round "4.8"]
[White "Tabak, Stefan"]
[Black "Morozov, Nichita"]
[Result "0-1"]
[WhiteElo "2181"]
[BlackElo "2394"]
[Annotator "TA"]
[PlyCount "132"]
[EventDate "2019.10.19"]
[EventType "swiss"]
[EventCountry "NED"]
[SourceTitle "playchess.com"]
[Source "ChessBase"]
[SourceQuality "1"]

{[%evp 19,132,31,33,31,77,77,80,52,58,-18,90,75,98,101,108,48,91,41,164,0,0,0,4,0,0,0,0,-39,-27,-83,-60,-93,-75,-64,-27,-27,-35,-24,0,-47,-18,-26,-8,-8,-12,-11,0,0,0,-39,-31,-29,-47,-31,-37,-84,-68,-95,-94,-107,-113,-157,-147,-153,-130,-130,-130,-130,-130,-137,-138,-138,-142,-139,-139,-389,-389,-389,-189,-189,-174,-174,-148,-201,-201,-201,-201,-201,-201,-215,-215,-215,-201,-215,-201,-208,-208,-460,-201,-460,-460,-460,-460,-2665,-1936,-4779,-4778,-4778,-4778,-4770,-4770,-29985,-29986,-29986,-29987]} 1. e4 g6 2. Nc3 Bg7 3. d4 d6 4. Be3 c6 5. a4 Nf6 6. h3 O-O 7. Nf3 Nbd7 8. Qd2 Qc7 9. Be2 b6 10. O-O a6 11. Rfd1 {B08: Pirc Defence: Classical System} (11. Rfe1 Bb7 12. e5 dxe5 13. dxe5 Nxe5 14. Nxe5 Qxe5 15. Bxb6 Qd6 16. Rad1 Qxd2 17. Rxd2 Nd5 18. Bd4 Nxc3 19. Bxc3 Bxc3 20. bxc3 {1-0 (51) Sydlik,J (2496)-Faber,H (2457) Remote email 2012}) 11... c5 12. d5 $146 ({Predecessor:} 12. Bf4 cxd4 13. Nd5 Nxd5 14. exd5 Bb7 15. Nxd4 Nf6 16. c4 Bc8 17. Bh6 {½-½ (41) Colin,E (1810)-Le Garrec,M (1630) Fouesnant 2004}) 12... Re8 13. Ng5 {White is better.} Bb7 14. f4 (14. Rac1 $14) 14... Rad8 (14... h6 $11 15. Nf3 e6) 15. Bc4 $16 {Hoping for e5!} Qb8 16. Re1 Nf8 17. Rad1 ({White should try} 17. e5 $16) 17... e6 18. Bf2 h6 {[#]} ({Black should play} 18... exd5 $14 19. Nxd5 Nxd5) 19. Nf3 $2 (19. Nxf7 $1 $18 {[%mdl 512]} Kxf7 20. dxe6+ Nxe6 21. f5 gxf5 22. exf5 {[%mdl 64] Pin}) 19... exd5 $11 20. exd5 Qc8 21. Kh2 Rxe1 22. Rxe1 Re8 23. Rxe8 Nxe8 24. g4 (24. Qd3 $11 {remains equal.}) 24... Nc7 25. Bg3 Qd7 26. f5 b5 27. axb5 axb5 28. Be2 gxf5 29. gxf5 (29. Nh4 $5 {[%cal Rh4f5]}) 29... Qxf5 30. Nh4 $1 {[%cal Rh4f5]} Qg5 31. Qxg5 hxg5 32. Nf5 b4 33. Ne4 Bxb2 34. Nexd6 Bxd5 35. Ne7+ Kg7 36. Ndf5+ {[%mdl 64] Discovered Attack} Kf6 {White must now prevent ...Be5.} 37. Bxc7 Be4 $1 {[%csl LRc2,LRf5]} 38. Ng3 Bxc2 39. Bd6 {Threatens to win with Bc4.} Nd7 {Strongly threatening ...b3.} 40. Bc4 {[%cal Rg3h5]} Be5 41. Nd5+ Kg7 42. Nxb4 cxb4 43. Bxb4 Nb6 44. Be2 Nd5 45. Bd2 Nf4 46. Bf3 f5 47. Bxf4 $2 (47. Nf1 $17) 47... Bxf4 $17 {[%mdl 4096] Endgame KBB-KBN} (47... gxf4 $2 48. Ne2 $17) 48. Kg2 Be5 (48... Bxg3 $142 49. Kxg3 f4+ 50. Kh2 Kf6) 49. Nf1 Kf6 50. Ne3 Bd3 51. Nd5+ (51. Bd1 $17) 51... Ke6 $19 52. Ne3 Bf4 53. Nd1 Ke5 54. Nf2 Bc4 55. Bb7 Bc1 56. Bc6 Bb2 57. Bb7 Kf4 58. Bc6 $2 (58. Nh1 {is the only way for White.}) 58... Bd4 (58... Be5 $142 59. Nd1 Bd4) 59. Bb7 $2 (59. Nh1) 59... Ke3 60. Bc6 Ke2 61. Nh1 {intending Ng3+.} f4 62. Bf3+ Ke1 63. Ng3 fxg3 64. Kxg3 Bf2+ 65. Kg2 Bf1+ 66. Kh2 Bh4 {Accuracy: White = 36%, Black = 43%.} 0-1

[Event "23rd Hoogeveen Open 2019"]
[Site "Hoogeveen"]
[Date "2019.10.21"]
[Round "4.9"]
[White "Van Dael, Siem"]
[Black "Seul, Georg"]
[Result "1/2-1/2"]
[WhiteElo "2273"]
[BlackElo "2411"]
[Annotator "TA"]
[PlyCount "38"]
[EventDate "2019.10.19"]
[EventType "swiss"]
[EventCountry "NED"]
[SourceTitle "playchess.com"]
[Source "ChessBase"]
[SourceQuality "1"]

{[%evp 10,38,36,37,34,16,45,29,22,16,36,43,37,58,58,0,18,15,29,-4,-1,0,-6,-2,20,14,16,5,19,-22,2]} 1. e4 e5 2. Nf3 Nc6 3. Bc4 Nf6 4. d3 h6 5. c3 d6 6. Nbd2 {[%cal Bb1d2,Bd2f1,Bf1e3][%mdl 32]} g5 {C55: Two Knights: 4 d3, 4 d4 exd4 5 e5 and Max Lange Attack} 7. Nf1 (7. h3 Bg7 8. Bb3 O-O 9. Nf1 Ne7 10. h4 g4 11. N3h2 d5 12. f3 Ng6 13. fxg4 Nxh4 14. g3 {0-1 (32) Anand,V (2767)-Nepomniachtchi,I (2775) Zagreb 2019}) 7... Bg7 8. Ne3 $146 ({Predecessor:} 8. Ng3 O-O 9. O-O Ne7 10. d4 Ng6 11. Re1 c6 12. Bb3 Qc7 13. Nf5 Bxf5 14. exf5 {1-0 (53) Moussard,J (2605)-Alvarado Diaz,A (2388) chess.com INT 2019}) 8... Ne7 {White has an edge.} 9. Bb3 c6 10. h4 g4 11. Nh2 $1 h5 12. Nhf1 (12. f3 $1 $14) 12... d5 13. Ng3 Be6 14. Bd2 Qd7 {The position is equal.} 15. Qe2 O-O-O 16. O-O-O Bh6 17. Kb1 Ng6 18. Bc1 Qc7 19. Qc2 Kb8 {Accuracy: White = 51%, Black = 31%.} 1/2-1/2

[Event "23rd Hoogeveen Open 2019"]
[Site "Hoogeveen"]
[Date "2019.10.21"]
[Round "4.10"]
[White "Giacomini, Hector"]
[Black "Jonkman, Harmen"]
[Result "1/2-1/2"]
[WhiteElo "2145"]
[BlackElo "2383"]
[Annotator "NA"]
[PlyCount "47"]
[EventDate "2019.10.19"]
[EventType "swiss"]
[EventCountry "NED"]
[SourceTitle "playchess.com"]
[Source "ChessBase"]
[SourceQuality "1"]
[TimeControl "40/5400+30:1800+30"]

1. Nf3 {[%emt 0:02:17]} d5 {[%emt 0:00:00]} 2. e3 {[%emt 0:00:19]} g6 {[%emt 0:01:04]} 3. d4 {[%emt 0:00:23]} Bg7 {[%emt 0:00:08]} 4. c4 {[%emt 0:00:14]} e6 {[%emt 0:00:46]} 5. Nc3 {[%emt 0:00:31]} Ne7 {[%emt 0:00:30]} 6. Be2 {[%emt 0:01:29]} Nd7 {[%emt 0:01:50]} 7. O-O {[%emt 0:00:41]} O-O {[%emt 0:00:34]} 8. e4 {[%emt 0:03:11]} b6 {[%emt 0:34:02]} 9. Bg5 {[%emt 0:05:48]} Bb7 {[%emt 0:01:59]} 10. exd5 {[%emt 0:12:19]} exd5 {[%emt 0:02:01]} 11. Bxe7 {[%emt 0:01:03]} Qxe7 {[%emt 0:00:06]} 12. Nxd5 {[%emt 0:00:08]} Bxd5 {[%emt 0:11:31]} 13. cxd5 {[%emt 0:00:06]} Rad8 {[%emt 0:09:02]} 14. Bc4 {[%emt 0:04:02]} Qb4 {[%emt 0:05:41]} 15. Bb3 {[%emt 0:03:22]} a5 {[%emt 0:02:39]} 16. Rc1 {[%emt 0:01:15]} a4 {[%emt 0:03:18]} 17. Rc4 {[%emt 0:03:18]} Qb5 {[%emt 0:00:04]} 18. Rxa4 {[%emt 0:00:53]} Nf6 {[%emt 0:00:02]} 19. Qd2 {[%emt 0:07:07]} Nxd5 {[%emt 0:00:17]} 20. Rc4 {[%emt 0:01:19]} Rd6 {[%emt 0:03:48]} 21. Re1 {[%emt 0:02:09]} Rfd8 {[%emt 0:02:07]} 22. g3 {[%emt 0:02:34]} Rf6 {[%emt 0:04:29]} 23. Ne5 {[%emt 0:02:01]} h5 {[%emt 0:00:05]} 24. h4 {[%emt 0:06:53]} 1/2-1/2

[Event "23rd Hoogeveen Open 2019"]
[Site "Hoogeveen"]
[Date "2019.10.21"]
[Round "4.11"]
[White "Vestby-Ellingsen, Mads"]
[Black "Sparenberg, Erik"]
[Result "1-0"]
[WhiteElo "2363"]
[BlackElo "2142"]
[Annotator "NA"]
[PlyCount "75"]
[EventDate "2019.10.19"]
[EventType "swiss"]
[EventCountry "NED"]
[SourceTitle "playchess.com"]
[Source "ChessBase"]
[SourceQuality "1"]
[TimeControl "40/5400+30:1800+30"]

1. d4 {[%emt 0:01:20]} Nf6 {[%emt 0:00:30]} 2. Bg5 {[%emt 0:01:32]} e6 {[%emt 0:03:42]} 3. e4 {[%emt 0:00:24]} h6 {[%emt 0:00:18]} 4. Bxf6 {[%emt 0:00:14]} Qxf6 {[%emt 0:00:02]} 5. c3 {[%emt 0:00:29]} g6 {[%emt 0:07:33]} 6. Bd3 {[%emt 0:00:45]} Bg7 {[%emt 0:00:18]} 7. Ne2 {[%emt 0:00:30]} d6 {[%emt 0:03:01]} 8. O-O {[%emt 0:00:25]} e5 {[%emt 0:03:19]} 9. f4 {[%emt 0:01:28]} exd4 {[%emt 0:03:23]} 10. cxd4 {[%emt 0:00:53]} O-O {[%emt 0:02:05]} 11. Nbc3 {[%emt 0:11:06]} Bg4 {[%emt 0:17:45]} 12. Qd2 {[%emt 0:28:53]} Bxe2 {[%emt 0:04:09]} 13. Nxe2 {[%emt 0:01:12]} Nd7 {[%emt 0:06:55]} 14. f5 {[%emt 0:10:36]} g5 {[%emt 0:02:03]} 15. Rad1 {[%emt 0:01:55]} c5 {[%emt 0:11:10]} 16. Bb5 {[%emt 0:08:07]} Nb6 {[%emt 0:02:01]} 17. e5 {[%emt 0:00:36]} dxe5 {[%emt 0:00:26]} 18. dxc5 {[%emt 0:00:13]} Rfd8 {[%emt 0:01:50]} 19. Qe3 {[%emt 0:00:49]} Nd5 {[%emt 0:04:02]} 20. Qe4 {[%emt 0:00:21]} Nf4 {[%emt 0:01:01]} 21. Nc3 {[%emt 0:01:25]} Bf8 {[%emt 0:03:31]} 22. g3 {[%emt 0:04:11]} Bxc5+ {[%emt 0:00:44]} 23. Kh1 {[%emt 0:00:11]} Rxd1 {[%emt 0:01:06]} 24. Nxd1 {[%emt 0:00:44]} Qb6 {[%emt 0:06:00]} 25. Nc3 {[%emt 0:11:58]} Nh3 {[%emt 0:05:22]} 26. Kg2 {[%emt 0:03:00]} Nf2 {[%emt 0:02:39]} 27. Qe2 {[%emt 0:00:08]} Rd8 {[%emt 0:04:50]} 28. Na4 {[%emt 0:02:21]} Qd6 {[%emt 0:03:31]} 29. Nxc5 {[%emt 0:01:05]} Qd5+ {[%emt 0:00:30]} 30. Kxf2 {[%emt 0:00:30]} Qxc5+ {[%emt 0:00:09]} 31. Kg2 {[%emt 0:00:24]} e4 {[%emt 0:00:52]} 32. Kh3 {[%emt 0:02:11]} e3 {[%emt 0:00:39]} 33. Bd3 {[%emt 0:05:01]} Rd4 {[%emt 0:00:29]} 34. Rd1 {[%emt 0:01:25]} Qd5 {[%emt 0:00:31]} 35. Qxe3 {[%emt 0:00:34]} g4+ {[%emt 0:00:30]} 36. Kh4 {[%emt 0:00:04]} Qd8+ {[%emt 0:00:31]} 37. Kh5 {[%emt 0:00:07]} Qd6 {[%emt 0:00:30]} 38. Qxh6 {[%emt 0:00:47]} 1-0

[Event "23rd Hoogeveen Open 2019"]
[Site "Hoogeveen"]
[Date "2019.10.21"]
[Round "4.12"]
[White "Blagojevic, Tijana"]
[Black "Okkes, Menno"]
[Result "1/2-1/2"]
[WhiteElo "2151"]
[BlackElo "2326"]
[Annotator "NA"]
[PlyCount "56"]
[EventDate "2019.10.19"]
[EventType "swiss"]
[EventCountry "NED"]
[SourceTitle "playchess.com"]
[Source "ChessBase"]
[SourceQuality "1"]
[TimeControl "40/5400+30:1800+30"]

1. e4 {[%emt 0:00:00]} c5 {[%emt 0:00:00]} 2. Nf3 {[%emt 0:00:00]} d6 {[%emt 0:00:00]} 3. Bb5+ {[%emt 0:00:00]} Nd7 {[%emt 0:00:00]} 4. O-O {[%emt 0:00:00]} a6 {[%emt 0:00:04]} 5. Bd3 {[%emt 0:00:00]} Ngf6 {[%emt 0:06:47]} 6. Re1 {[%emt 0:00:12]} e5 {[%emt 0:00:44]} 7. a4 {[%emt 0:01:51]} Be7 {[%emt 0:00:09]} 8. c3 {[%emt 0:00:19]} O-O {[%emt 0:00:23]} 9. Bc2 {[%emt 0:00:35]} b6 {[%emt 0:02:24]} 10. d4 {[%emt 0:00:11]} Bb7 {[%emt 0:00:36]} 11. Nbd2 {[%emt 0:04:39]} Re8 {[%emt 0:01:19]} 12. Nf1 {[%emt 0:06:51]} Bf8 {[%emt 0:00:17]} 13. d5 {[%emt 0:02:05]} g6 {[%emt 0:02:08]} 14. Bg5 {[%emt 0:08:04]} Be7 {[%emt 0:02:23]} 15. Qd2 {[%emt 0:01:53]} Ng4 {[%emt 0:03:09]} 16. Bxe7 {[%emt 0:00:43]} Qxe7 {[%emt 0:00:15]} 17. h3 {[%emt 0:00:21]} Ngf6 {[%emt 0:00:09]} 18. c4 {[%emt 0:05:29]} a5 {[%emt 0:08:04]} 19. Ra3 {[%emt 0:01:31]} Ba6 {[%emt 0:01:43]} 20. Rc3 {[%emt 0:03:09]} Nh5 {[%emt 0:03:45]} 21. g3 {[%emt 0:03:20]} Kh8 {[%emt 0:01:08]} 22. Ng5 {[%emt 0:03:34]} f6 {[%emt 0:02:42]} 23. Ne6 {[%emt 0:00:21]} Nf8 {[%emt 0:00:18]} 24. Nxf8 {[%emt 0:00:56]} Rxf8 {[%emt 0:01:21]} 25. Bd1 {[%emt 0:02:12]} Ng7 {[%emt 0:00:28]} 26. f4 {[%emt 0:02:47]} Rae8 {[%emt 0:02:17]} 27. Kh2 {[%emt 0:04:39]} Bc8 {[%emt 0:02:18]} 28. Qg2 {[%emt 0:00:18]} Bd7 {[%emt 0:21:44]} 1/2-1/2

[Event "23rd Hoogeveen Open 2019"]
[Site "Hoogeveen"]
[Date "2019.10.21"]
[Round "4.13"]
[White "Elgersma, Onno"]
[Black "Kirchei, Viktoriia"]
[Result "0-1"]
[WhiteElo "2306"]
[BlackElo "2051"]
[Annotator "TA"]
[PlyCount "76"]
[EventDate "2019.10.19"]
[EventType "swiss"]
[EventCountry "NED"]
[SourceTitle "playchess.com"]
[Source "ChessBase"]
[SourceQuality "1"]

{[%evp 9,140,7,41,22,83,15,32,22,33,5,19,-17,8,-8,-10,-16,0,-8,-10,-49,-45,-57,-25,-28,-14,-29,-12,-37,-18,-41,20,15,21,-126,-117,-129,-111,-149,-134,-170,-158,-178,-93,-163,-179,-225,-146,-125,-82,-87,-77,-83,-66,-67,-56,-416,-393,-511,-510,-504,-480,-550,-563,-723,-350,-399,-368,-695,-602,-602,-594,-767,-698,-728,-365,-362,-362,-364,-364,-364,-364,-364,-360,-368,-365,-359,-347,-344,-322,-554,-510,-629,-629,-614,-599,-485,-531,-510,-436,-396,-255,-491,-491,-477,-476,-456,-438,-743,-213,-837,-811,-818,-830,-673,-607,-545,-527,-460,-407,-558,-529,-724,-661,-1180,-1210,-1481,-1446,-1156,-1106,-29944,-29945,-5439,-1437]} 1. e4 c5 2. Nf3 Nc6 3. Bb5 g6 4. O-O Bg7 5. c3 d6 (5... Nf6 6. Re1 O-O 7. h3 e5 8. d3 d6 9. Nbd2 h6 10. Nf1 Be6 11. Ng3 Rc8 12. Ba4 Nd7 13. Bb3 Re8 14. Be3 a6 15. a3 b5 16. Bxe6 Rxe6 17. b4 {½-½ (61) Artemiev,V (2746)-Le,Q (2708) Khanty-Mansiysk 2019}) 6. h3 {B31: Sicilian: 2...Nc6 3 Bb5 g6} Bd7 (6... Nf6 $11) 7. Re1 ({White should try} 7. d4 $16) 7... e5 8. d3 $146 {White is slightly better.} ({Predecessor:} 8. Bf1 Nge7 9. d3 Qb6 10. Na3 O-O 11. Nc4 Qc7 12. a4 d5 13. exd5 Nxd5 {½-½ (46) Remmler,H (2099)-Lemke,J (2060) Wuerttemberg 2016}) 8... Nge7 9. Nbd2 a6 10. Bxc6 (10. Bc4 {seems wilder.} b5 11. Bb3 O-O 12. Nf1 Kh8 13. Bg5) 10... Bxc6 11. a3 O-O 12. b4 b6 13. Nc4 Qc7 14. Bg5 f6 15. Be3 Rab8 16. Rc1 h6 17. a4 a5 18. Nfd2 f5 {...f4 is the strong threat.} 19. f3 f4 ({Black should play} 19... d5 $15 20. exd5 Nxd5 21. bxa5 bxa5) 20. Bf2 $11 Rfd8 21. Qe2 (21. bxa5 $11 bxa5 22. Qc2) 21... axb4 $17 22. cxb4 Bxa4 23. Na3 Be8 24. bxc5 dxc5 25. Ndc4 Qd7 (25... Nc6 $19 26. Nb5 Qe7) 26. Red1 (26. Qb2 $17 {was necessary.}) 26... Nc6 $19 27. Rb1 Nd4 28. Qa2 Bf7 {White must now prevent ...b5.} 29. Bxd4 Qxd4+ 30. Qf2 Qxf2+ 31. Kxf2 {[#]} b5 $1 $36 {[%cal Bb6b5,Bb5c4][%mdl 2592] Black fights for an advantage.} 32. Nb2 $2 {[%mdl 8192]} (32. Nxb5 $15 Rxb5 33. Rxb5 Bxc4 {[%mdl 64] Pin} 34. Rxc5 Rxd3 35. Ra1 Rd2+ 36. Ke1 Re2+ 37. Kd1) 32... Bf8 33. Nc2 c4 34. dxc4 bxc4 {Threatens to win with ...Rxd1.} 35. Rxd8 Rxd8 36. Rd1 Rb8 (36... Ra8 $142 37. Ra1 Rxa1 38. Nxa1 Bc5+ 39. Ke2 Bd4) 37. Na4 Be8 38. Nc3 $2 (38. Ra1 c3 39. Ke1) 38... Rb3 {Played: Rb8-b2} 0-1

[Event "23rd Hoogeveen Open 2019"]
[Site "Hoogeveen"]
[Date "2019.10.21"]
[Round "4.14"]
[White "De Boer, Bas"]
[Black "Romanishin, Oleg M"]
[Result "1/2-1/2"]
[WhiteElo "2142"]
[BlackElo "2441"]
[Annotator "NA"]
[PlyCount "75"]
[EventDate "2019.10.19"]
[EventType "swiss"]
[EventCountry "NED"]
[SourceTitle "playchess.com"]
[Source "ChessBase"]
[SourceQuality "1"]
[TimeControl "40/5400+30:1800+30"]

1. Nf3 {[%emt 0:00:00]} Nf6 {[%emt 0:05:38]} 2. c4 {[%emt 0:00:00]} d6 {[%emt 0:03:06]} 3. d4 {[%emt 0:00:55]} g6 {[%emt 0:00:20]} 4. g3 {[%emt 0:00:35]} c6 {[%emt 0:04:24]} 5. Bg2 {[%emt 0:02:29]} Bf5 {[%emt 0:01:31]} 6. O-O {[%emt 0:01:59]} Bg7 {[%emt 0:01:01]} 7. Nc3 {[%emt 0:05:50]} Ne4 {[%emt 0:06:51]} 8. Nb1 {[%emt 0:12:30]} Qb6 {[%emt 0:11:38]} 9. b3 {[%emt 0:01:38]} O-O {[%emt 0:12:20]} 10. Bb2 {[%emt 0:00:23]} d5 {[%emt 0:00:41]} 11. cxd5 {[%emt 0:02:50]} cxd5 {[%emt 0:00:06]} 12. Ne5 {[%emt 0:01:16]} Rc8 {[%emt 0:12:09]} 13. g4 {[%emt 0:07:51]} Be6 {[%emt 0:02:22]} 14. e3 {[%emt 0:00:07]} Nd7 {[%emt 0:05:39]} 15. Nd3 {[%emt 0:02:59]} Rc7 {[%emt 0:05:50]} 16. f3 {[%emt 0:02:50]} Nd6 {[%emt 0:00:24]} 17. Nc3 {[%emt 0:00:43]} Rac8 {[%emt 0:01:35]} 18. Na4 {[%emt 0:03:56]} Qb5 {[%emt 0:08:26]} 19. Rf2 {[%emt 0:00:32]} Nf8 {[%emt 0:10:11]} 20. Bf1 {[%emt 0:02:36]} Qe8 {[%emt 0:00:15]} 21. Nf4 {[%emt 0:01:02]} Bh6 {[%emt 0:02:06]} 22. Nc5 {[%emt 0:04:14]} Bxf4 {[%emt 0:00:49]} 23. exf4 {[%emt 0:00:07]} Bd7 {[%emt 0:00:12]} 24. Bd3 {[%emt 0:01:52]} Bb5 {[%emt 0:00:23]} 25. Bb1 {[%emt 0:01:02]} b6 {[%emt 0:00:23]} 26. Nd3 {[%emt 0:01:05]} a5 {[%emt 0:02:16]} 27. Qd2 {[%emt 0:01:04]} Nc4 {[%emt 0:00:42]} 28. bxc4 {[%emt 0:01:25]} dxc4 {[%emt 0:00:01]} 29. Nc5 {[%emt 0:00:54]} bxc5 {[%emt 0:00:20]} 30. dxc5 {[%emt 0:00:18]} Rxc5 {[%emt 0:00:49]} 31. Qc3 {[%emt 0:00:27]} f6 {[%emt 0:00:05]} 32. Bc2 {[%emt 0:01:03]} Ba4 {[%emt 0:00:53]} 33. Be4 {[%emt 0:00:43]} Ne6 {[%emt 0:02:18]} 34. Bc1 {[%emt 0:02:40]} Bc6 {[%emt 0:00:36]} 35. Bc2 {[%emt 0:00:50]} Ba4 {[%emt 0:00:37]} 36. Be4 {[%emt 0:01:24]} Bc6 {[%emt 0:00:02]} 37. Bc2 {[%emt 0:03:13]} Ba4 {[%emt 0:00:24]} 38. Be4 {[%emt 0:02:30]} 1/2-1/2

[Event "23rd Hoogeveen Open 2019"]
[Site "Hoogeveen"]
[Date "2019.10.21"]
[Round "4.15"]
[White "Van Foreest, Machteld"]
[Black "Manush Shah"]
[Result "0-1"]
[WhiteElo "2142"]
[BlackElo "2352"]
[Annotator "NA"]
[PlyCount "98"]
[EventDate "2019.10.19"]
[EventType "swiss"]
[EventCountry "NED"]
[SourceTitle "playchess.com"]
[Source "ChessBase"]
[SourceQuality "1"]
[TimeControl "40/5400+30:1800+30"]

1. e4 {[%emt 0:00:00]} c6 {[%emt 0:01:53]} 2. d4 {[%emt 0:00:14]} d5 {[%emt 0:00:12]} 3. Nd2 {[%emt 0:00:14]} dxe4 {[%emt 0:00:10]} 4. Nxe4 {[%emt 0:00:09]} Bf5 {[%emt 0:00:06]} 5. Ng3 {[%emt 0:00:03]} Bg6 {[%emt 0:00:07]} 6. h4 {[%emt 0:00:34]} h6 {[%emt 0:00:04]} 7. Nf3 {[%emt 0:00:02]} Nf6 {[%emt 0:00:09]} 8. h5 {[%emt 0:00:31]} Bh7 {[%emt 0:00:04]} 9. Bd3 {[%emt 0:00:04]} Bxd3 {[%emt 0:00:06]} 10. Qxd3 {[%emt 0:00:03]} e6 {[%emt 0:00:02]} 11. Bd2 {[%emt 0:00:18]} c5 {[%emt 0:00:08]} 12. Ne4 {[%emt 0:08:23]} Nc6 {[%emt 0:01:41]} 13. Bc3 {[%emt 0:13:16]} Nb4 {[%emt 0:05:11]} 14. Nxf6+ {[%emt 0:06:22]} gxf6 {[%emt 0:00:24]} 15. Bxb4 {[%emt 0:00:35]} cxb4 {[%emt 0:00:03]} 16. Qb5+ {[%emt 0:02:13]} Qd7 {[%emt 0:00:09]} 17. Qxd7+ {[%emt 0:00:03]} Kxd7 {[%emt 0:00:06]} 18. O-O-O {[%emt 0:00:55]} Rg8 {[%emt 0:04:06]} 19. g3 {[%emt 0:02:06]} Rc8 {[%emt 0:00:36]} 20. Rd3 {[%emt 0:04:46]} Bd6 {[%emt 0:02:38]} 21. Re1 {[%emt 0:04:30]} Rc7 {[%emt 0:05:09]} 22. Re2 {[%emt 0:04:09]} a5 {[%emt 0:00:41]} 23. Nd2 {[%emt 0:04:00]} Bf4 {[%emt 0:08:36]} 24. gxf4 {[%emt 0:13:47]} Rg1+ {[%emt 0:00:10]} 25. Nf1 {[%emt 0:00:02]} Rxf1+ {[%emt 0:00:01]} 26. Rd1 {[%emt 0:00:17]} Rxd1+ {[%emt 0:00:25]} 27. Kxd1 {[%emt 0:00:02]} Rc4 {[%emt 0:04:27]} 28. Rd2 {[%emt 0:00:14]} Kd6 {[%emt 0:00:09]} 29. Ke2 {[%emt 0:08:03]} Kd5 {[%emt 0:01:11]} 30. Ke3 {[%emt 0:00:04]} Rc8 {[%emt 0:00:17]} 31. Kd3 {[%emt 0:05:37]} b5 {[%emt 0:03:46]} 32. c3 {[%emt 0:01:19]} Rc4 {[%emt 0:03:13]} 33. a3 {[%emt 0:04:43]} bxc3 {[%emt 0:01:49]} 34. bxc3 {[%emt 0:00:02]} b4 {[%emt 0:00:33]} 35. axb4 {[%emt 0:00:39]} axb4 {[%emt 0:00:02]} 36. cxb4 {[%emt 0:05:57]} Rxd4+ {[%emt 0:04:36]} 37. Ke3 {[%emt 0:00:20]} Rxd2 {[%emt 0:00:01]} 38. Kxd2 {[%emt 0:00:02]} Kc4 {[%emt 0:00:01]} 39. Ke3 {[%emt 0:00:26]} f5 {[%emt 0:04:36]} 40. b5 {[%emt 0:10:58]} Kxb5 {[%emt 0:00:03]} 41. Kd4 {[%emt 0:15:25]} f6 {[%emt 0:00:08]} 42. Kd3 {[%emt 0:00:12]} Kc5 {[%emt 0:00:10]} 43. Kc3 {[%emt 0:00:05]} Kd5 {[%emt 0:00:38]} 44. Kd3 {[%emt 0:00:50]} e5 {[%emt 0:00:22]} 45. fxe5 {[%emt 0:00:25]} fxe5 {[%emt 0:00:06]} 46. f3 {[%emt 0:00:02]} f4 {[%emt 0:01:41]} 47. Ke2 {[%emt 0:01:04]} Kc4 {[%emt 0:00:10]} 48. Kd2 {[%emt 0:00:23]} Kd4 {[%emt 0:00:01]} 49. Ke2 {[%emt 0:00:07]} Kc3 {[%emt 0:00:04]} 0-1

[Event "23rd Hoogeveen Open 2019"]
[Site "Hoogeveen"]
[Date "2019.10.21"]
[Round "4.16"]
[White "Van Dorp, Folke"]
[Black "De Jong, Migchiel"]
[Result "1-0"]
[WhiteElo "2086"]
[BlackElo "2330"]
[Annotator "NA"]
[PlyCount "107"]
[EventDate "2019.10.19"]
[EventType "swiss"]
[EventCountry "NED"]
[SourceTitle "playchess.com"]
[Source "ChessBase"]
[SourceQuality "1"]
[TimeControl "40/5400+30:1800+30"]

1. e4 {[%emt 0:01:12]} e6 {[%emt 0:00:02]} 2. d3 {[%emt 0:00:35]} d5 {[%emt 0:00:19]} 3. Nd2 {[%emt 0:00:02]} Nf6 {[%emt 0:00:33]} 4. Ngf3 {[%emt 0:00:25]} b6 {[%emt 0:00:38]} 5. c3 {[%emt 0:04:10]} c5 {[%emt 0:04:44]} 6. g3 {[%emt 0:02:36]} Be7 {[%emt 0:00:54]} 7. Bg2 {[%emt 0:00:57]} Ba6 {[%emt 0:00:15]} 8. e5 {[%emt 0:04:15]} Nfd7 {[%emt 0:00:16]} 9. Qe2 {[%emt 0:01:17]} Nc6 {[%emt 0:01:02]} 10. O-O {[%emt 0:01:17]} g5 {[%emt 0:00:58]} 11. c4 {[%emt 0:02:56]} g4 {[%emt 0:04:10]} 12. cxd5 {[%emt 0:01:17]} gxf3 {[%emt 0:01:02]} 13. Nxf3 {[%emt 0:00:39]} Nb4 {[%emt 0:02:46]} 14. dxe6 {[%emt 0:01:11]} fxe6 {[%emt 0:00:15]} 15. Rd1 {[%emt 0:10:01]} Nf8 {[%emt 0:05:11]} 16. Ng5 {[%emt 0:05:29]} Bxg5 {[%emt 0:01:23]} 17. Qh5+ {[%emt 0:01:07]} Kd7 {[%emt 0:02:10]} 18. Bxg5 {[%emt 0:00:48]} Qe8 {[%emt 0:00:30]} 19. Qf3 {[%emt 0:03:13]} Nd5 {[%emt 0:04:05]} 20. d4 {[%emt 0:04:16]} Bb7 {[%emt 0:21:21]} 21. dxc5 {[%emt 0:01:01]} Ng6 {[%emt 0:01:26]} 22. Bf6 {[%emt 0:02:35]} Rg8 {[%emt 0:03:41]} 23. Rac1 {[%emt 0:05:52]} Qf7 {[%emt 0:07:14]} 24. Qb3 {[%emt 0:09:26]} Rgc8 {[%emt 0:02:42]} 25. cxb6 {[%emt 0:01:53]} axb6 {[%emt 0:00:53]} 26. Bxd5 {[%emt 0:00:22]} exd5 {[%emt 0:01:15]} 27. Qxb6 {[%emt 0:03:42]} Ke8 {[%emt 0:00:54]} 28. f4 {[%emt 0:17:56]} d4 {[%emt 0:09:19]} 29. Rxc8+ {[%emt 0:04:54]} Rxc8 {[%emt 0:00:07]} 30. Rxd4 {[%emt 0:00:22]} Rc1+ {[%emt 0:04:24]} 31. Kf2 {[%emt 0:00:06]} Qc7 {[%emt 0:00:56]} 32. Qe6+ {[%emt 0:00:34]} Ne7 {[%emt 0:00:20]} 33. Qxe7+ {[%emt 0:02:06]} Qxe7 {[%emt 0:00:06]} 34. Bxe7 {[%emt 0:00:05]} Kxe7 {[%emt 0:00:15]} 35. Rb4 {[%emt 0:00:45]} Rc2+ {[%emt 0:00:34]} 36. Ke3 {[%emt 0:00:10]} Bd5 {[%emt 0:00:28]} 37. f5 {[%emt 0:02:15]} Rxh2 {[%emt 0:00:38]} 38. a3 {[%emt 0:00:40]} h5 {[%emt 0:01:26]} 39. Rb5 {[%emt 0:01:00]} Bc6 {[%emt 0:00:49]} 40. Rb6 {[%emt 0:00:17]} Kd7 {[%emt 0:00:34]} 41. Kf4 {[%emt 0:31:43]} Rf2+ {[%emt 0:30:56]} 42. Kg5 {[%emt 0:01:48]} Be4 {[%emt 0:02:21]} 43. e6+ {[%emt 0:02:09]} Ke7 {[%emt 0:00:18]} 44. Rb5 {[%emt 0:00:54]} Rf3 {[%emt 0:00:41]} 45. g4 {[%emt 0:00:00]} hxg4 {[%emt 0:00:00]} 46. Kxg4 {[%emt 0:00:00]} Kf6 {[%emt 0:00:00]} 47. e7 {[%emt 0:00:00]} Kxe7 {[%emt 0:00:00]} 48. Re5+ {[%emt 0:00:00]} Kf6 {[%emt 0:00:00]} 49. Re6+ {[%emt 0:00:00]} Kf7 {[%emt 0:00:00]} 50. Rxe4 {[%emt 0:00:00]} Rf2 {[%emt 0:00:00]} 51. Rb4 {[%emt 0:00:00]} Rg2+ {[%emt 0:00:00]} 52. Kf3 {[%emt 0:00:00]} Rh2 {[%emt 0:00:00]} 53. Rb6 {[%emt 0:00:00]} Rh4 {[%emt 0:00:00]} 54. b3 {[%emt 0:00:00]} 1-0